Metercia

Podrobná bibliografia
Hlavný autor: Neubauerová, Jaroslava (Autor)
Ďalší autori: Tományi, Karol (Fotograf), Molčanová, Alexandra (Fotograf)
Médium: Kniha
Jazyk:slovenčina
Fyzický popis:33 strán, 2 nečíslované strany faksimile, fotografie (prevažne farebné) 21 cm 1 plagát (40 x 30 cm zložené na 20 x 15 cm)
Vydavateľské údaje: Rožňava Banícke múzeum v Rožňave 2023
ISBN:9788097313371
Predmet:

MARC

LEADER 00000cam a2200000 4500
001 vtls012253842
003 SK-MaSNL
005 20260301130930.0
008 240402s2023 xo ho e c 000 0 slo
015 |a SNBE2024 
020 |a 9788097313371  |q (brožované) 
040 |a SNK  |b slo  |c SNK  |e rda 
041 0 |a slo 
043 |a e-xo--- 
044 |a xo  |c SK 
072 7 |a 75  |x Maliarstvo  |2 konspekt 
080 |a 75.051  |2 2011 
080 |a 27-526.62  |2 2011 
080 |a 27-312.47-526.62/.64  |2 2011 
080 |a (437.672)  |2 2011 
080 |a (083.82)  |2 2011 
080 |a 75.033.5  |2 2011 
100 1 |a Neubauerová, Jaroslava  |4 aut  |9 472792 
245 1 0 |a Metercia  |c autorka textu: Jaroslava Neubauerová ; autori fotografií: Karol Tományi, Alexandra Molčanová 
264 1 |a Rožňava  |b Banícke múzeum v Rožňave  |c 2023 
300 |a 33 strán, 2 nečíslované strany  |b faksimile, fotografie (prevažne farebné)  |c 21 cm  |e 1 plagát (40 x 30 cm zložené na 20 x 15 cm) 
336 |a text  |b txt  |2 rdacontent 
336 |a statický obraz  |b sti  |2 rdacontent 
337 |a bez média  |b n  |2 rdamedia 
338 |a zväzok  |b nc  |2 rdacarrier 
338 |a list  |b nb  |2 rdacarrier 
366 |e 100 kusov 
500 |a Plagát vložený v pevnom papierovom vrecku na zadnom prídoští 
504 |a Bibliografia na strane 33 
610 2 7 |a Katedrála Nanebovzatia Panny Márie (Rožňava, Slovensko)  |2 SNKKA  |9 120873 
630 0 7 |a Svätá Anna Samotretia (obraz)  |2 SNKPH  |9 120823 
650 0 7 |a tabuľová maľba  |2 SNKPH  |9 120824 
650 0 7 |a Panel painting  |2 SNKPHeng  |9 479457 
650 0 7 |a Iconography  |2 SNKPHeng  |9 318053 
650 0 7 |a Pictures of the Virgin Mary  |2 SNKPHeng  |9 479458 
650 0 7 |a gotické maliarstvo  |2 SNKPH  |9 85635 
650 0 7 |a mariánske obrazy  |2 SNKPH  |9 479459 
650 0 7 |a ikonografia  |2 SNKPH  |9 26172 
650 0 7 |a Gothic painting  |2 SNKPHeng  |9 327093 
651 7 |a Rožňava (Slovensko)  |2 SNKPH  |9 17394 
651 7 |a Rožňava (Slovakia)  |2 SNKPHeng  |9 265899 
655 7 |a katalógy  |2 SNKPH  |9 60821 
655 7 |a Catalogs  |2 SNKPHeng  |9 266059 
700 1 |a Tományi, Karol  |4 pht  |9 479460 
700 1 |a Molčanová, Alexandra  |4 pht  |4 bkd  |9 479461 
852 |a Slovenská národná knižnica 
919 |a 978-80-973133-7-1 
954 |a obrazové publikácie zamerané na výtvarné umenie a fotografiu pôvodné (slovenské)  |2 lita 
958 |a NB 
999 |c 746261  |d 748191 
952 |a SNK  |b SNK  |y PREZ  |7 0  |p 17A1545988  |o snkOSC 30334  |i snk2024/6109  |8 0  |3 Obsahuje prílohu: 1 plagát  |z Obsahuje prílohu: 1 plagát  |0 0  |1 0  |4 0  |d 2024-04-18  |l 0  |r 2026-02-23 23:16:22  |w 2026-02-23 
952 |a SNK  |b SNK  |y PREZ  |7 0  |p 17A1545989  |o snkOSC 30334/príl.  |i snk2024/6109  |8 0  |z Príloha: 1 plagát  |0 0  |1 0  |4 0  |d 2024-04-18  |l 0  |r 2026-02-23 23:16:22  |w 2026-02-23